Ms̀ all ̀de la capacidad de entender y querer un anl̀isis de la figura italiana de la administracin̤ de apoyo y una propuesta de reforma del sistema tuitivo espaǫl /

Bibliographic Details
Main Author: Vivas Tesn̤, Inmaculada
Format: Book
Language:Spanish
Published: Olivenza (Badajoz) : FUTUEX, 2012
Subjects:
Online Access:Acceso restringido

MARC

LEADER 00000nam a2200000 i 4500
005 20120710174629.0
007 cr|||| ||||
008 120618s 000 0 spa d
020 |a 978-84-695-2420-6  
035 |a 6553 
040 |a BUS  |d vLex 
090 |c 3282  |d 3282 
100 1 |a Vivas Tesn̤, Inmaculada. 
245 1 0 |a Ms̀ all ̀de la capacidad de entender y querer   |h [Recurso electrn̤ico] :  |b un anl̀isis de la figura italiana de la administracin̤ de apoyo y una propuesta de reforma del sistema tuitivo espaǫl /  |c Inmaculada Vivas Tesn̤. 
256 |a Servicio en ln̕ea 
260 |a Olivenza (Badajoz) :  |b FUTUEX,  |c 2012  
300 |a 1 recurso electrn̤ico 
506 1 |a Contenido solo disponible en los productos indicados  |d vLex Global   |d vLex Global (Academic Edition, excluding Law Schools)   |d vLex Global (U.S. Academic Edition, Law Schools)   |d vLex Global (U.S. Academic Edition, excluding Law Schools)   |d vLex Global (Academic Edition, Law Schools)  
650 0 4 |a Discapacitados  |x Proteccin̤, asistencia, etc. 
650 0 4 |a Discapacitados  |x Derecho  |z Espaą. 
740 0 |a vLex Libros (Servicio en Ln̕ea) 
856 4 0 |z Acceso restringido  |u http://vlex.com/source/mas-alla-capacidad-entender-querer-6553 
942 |c BOOK 
999 0 |a People with disabilities